Eniten väestöä menettäneet kunnat 2009-2024 - Statistics

Yleistilastot
  • Tätä visaa on pelattu 47 kertaa
  • Keskiarvotulos 11 / 20
Vastaustilastot
KUNTA MENETYS Maakunta % Oikein
Kotka -4565 Kymenlaakso
78%
Kouvola -9788 Kymenlaakso
78%
Mikkeli -2545 Etelä-Savo
78%
Kemi -3178 Lappi
75%
Lieksa -2739 Pohjois-Karjala
72%
Savonlinna -5744 Etelä-Savo
69%
Hamina -2172 Kymenlaakso
66%
Varkaus -3266 Pohjois-Savo
63%
Imatra -3952 Etelä-Karjala
59%
Heinola -2545 Päijät-Häme
53%
Jämsä -3833 Keski-Suomi
53%
Pieksämäki -2973 Etelä-Savo
50%
Salo -4019 Varsinais-Suomi
50%
Sastamala -2282 Pirkanmaa
44%
Suomussalmi -2294 Kainuu
44%
Äänekoski -2503 Keski-Suomi
38%
Kitee -2295 Pohjois-Karjala
38%
Kauhava -2495 Etelä-Pohjanmaa
34%
Kurikka -3394 Etelä-Pohjanmaa
34%
Mänttä-Vilppula -2226 Pirkanmaa
22%
Ehtoja vastaavia visoja ei löytynyt
Tulosjakauma
Jokaisen tuloksen saaneiden osuus
Persentiili vastausten määrän mukaan
Tuloshistoriasi
Et ole pelannut tätä visaa